<?xml version="1.0" encoding="UTF-8"?>
<marc:record xmlns:marc="http://www.loc.gov/MARC21/slim">
   <marc:leader>00000nam a2200000 a 4500</marc:leader>
   <marc:datafield ind1="1" ind2=" " tag="100">
      <marc:subfield code="a">Heinichen, Veit</marc:subfield>
      <marc:subfield code="4">aut</marc:subfield>
      <marc:subfield code="e">Verfasser/-in</marc:subfield>
   </marc:datafield>
   <marc:datafield ind1="0" ind2="0" tag="245">
      <marc:subfield code="a">Tod auf der Warteliste</marc:subfield>
   </marc:datafield>
   <marc:datafield ind1="0" ind2="0" tag="245">
      <marc:subfield code="b">Fall 3 für Proteo Laurenti</marc:subfield>
   </marc:datafield>
   <marc:datafield ind1=" " ind2="1" tag="264">
      <marc:subfield code="b">Zsolnay Verl.</marc:subfield>
      <marc:subfield code="c">2003</marc:subfield>
   </marc:datafield>
   <marc:datafield ind1="1" ind2=" " tag="520">
      <marc:subfield code="a">Ein neuer Fall für Proteo Laurenti, den Kommissar aus Triest: Seit beim Gipfeltreffen des deutschen Bundeskanzlers mit Berlusconi ein nackter Mann von der Limousine des Staatsgastes überfahren wurde, spielt Triest verrückt. Jeder verdächtigt jeden, sogar Laurenti gerät ins Fadenkreuz. Als dann noch der Arzt einer exklusiven Beauty-Klinik vor den Toren Triests auf brutale Weise ermordet wird, beginnt das Klima zu kippen. Laurenti muss ein übles Geflecht aus Protektion, Korruption, Denunziation, Mord und Totschlag auseinander nehmen, um zum Kern der Gewalt vorzudringen. Alle Fäden laufen in der Klinik am Karst zusammen und am Ende stellt sich heraus, dass hinter den hohen Mauern nicht nur Fett abgesaugt wird.</marc:subfield>
   </marc:datafield>
   <marc:datafield ind1=" " ind2=" " tag="020">
      <marc:subfield code="a">9783552052772</marc:subfield>
      <marc:subfield code="9">9783552052772</marc:subfield>
   </marc:datafield>
</marc:record>
